000 00480nam a2200181Ia 4500
003 GCL
008 140319s9999 xx 000 0 ara d
040 _aGCL /
_cGCL
082 0 4 _a378.17
_bع ا
100 1 _aعايش محمود زيتون
245 1 0 _aاساليب التدريس الجامعى /
_cعايش محمود زيتون
300 _a351 ص
490 _a
650 0 4 _aالتعلم
650 0 4 _aالتدريس
650 0 4 _aالجامعات
942 _2ddc
_cBK
999 _c41925
_d41925